000 00313nam a22001337a 4500
008 170615b xxu||||| |||| 00| 0 eng d
020 _a0312004869
041 _aeng
080 _a32
100 _a19
101 _aSHP
245 _aTHE SPECIALIZED AGENCIES AND THE UNITED NATIONS
_cWILLIAMS,D
942 _2udc
_cBK
999 _c17538
_d17538